000 02906nam a22004097a 4500
008 081212t xxu||||| |||| 00| 0beng d
010 _aENG-97898 B-425164-175
020 _c180.00
_a9788184886627
035 _aEN-81431 B-425164-175
037 _bDBAD / PUB
037 _bK.K.Pub/Ven
040 _adpl
_bEnglish
082 _a547
100 _aWate, Sanjay
_93724
245 _aBasic organic chemistry for students /
_cby Sanjay Wate
260 _aMumbai
_bHimalaya Publishing House
_c2010
270 _a"Ramdiit", Dr. Bhale Marg, Girgaon,rao
_bMumbai
_e400004
300 _a245p.
_c28cm (pbk)
600 _aBaba Visakha Singh
_xBiography.
_93725
650 _aChemistry organic
_95078
700 _94917
942 _2ddc
_cEN
_mWAT
_h547
999 _c38952
_d38952